000
00298nam a2200121Ia 4500
008
140130s9999 xx 000 0 und d
245
_c
Trivizas, Eugene
_a
Three little wolves & a big
260
_b
Scholastic,
_c
1993
440
_v
1
521
_a
Grade 3 - Grade 5
942
_c
BK
999
_c
41016
_d
41016